<?xml version="1.0" encoding="UTF-8"?>
<record
    xmlns:xsi="http://www.w3.org/2001/XMLSchema-instance"
    xsi:schemaLocation="http://www.loc.gov/MARC21/slim http://www.loc.gov/standards/marcxml/schema/MARC21slim.xsd"
    xmlns="http://www.loc.gov/MARC21/slim">

  <leader>00604nam a22001217a 4500</leader>
  <datafield tag="040" ind1=" " ind2=" ">
    <subfield code="c">rua</subfield>
  </datafield>
  <datafield tag="100" ind1=" " ind2=" ">
    <subfield code="a">YON SUNHENG, &#x1799;&#x1793;&#x17CB; &#x179F;&#x17CA;&#x17BB;&#x1793;&#x17A0;&#x17C1;&#x1784;</subfield>
  </datafield>
  <datafield tag="245" ind1=" " ind2=" ">
    <subfield code="a">&#x1780;&#x17B6;&#x179A;&#x179B;&#x17BC;&#x178F;&#x179B;&#x17B6;&#x179F;&#x17CB; &#x1793;&#x17B7;&#x1784;&#x178F;&#x17B7;&#x1793;&#x17D2;&#x1793;&#x1795;&#x179B;&#x178A;&#x17C6;&#x178E;&#x17B6;&#x17C6;&#x178F;&#x17D2;&#x179A;&#x179F;&#x1780;&#x17CB;&#x178F;&#x1797;&#x17D2;&#x1787;&#x17B6;&#x1794;&#x17CB;&#x1783;&#x17B6;&#x1798;&#x17BD;&#x1799;&#x1787;&#x17BE;&#x1784;&#x1791;&#x1798;&#x17D2;&#x179A;&#x1795;&#x17D2;&#x179F;&#x17C1;&#x1784;&#x17D7;&#x1782;&#x17D2;&#x1793;&#x17B6;, growth and yield performance of cucumber grafted on different rootstocks</subfield>
  </datafield>
  <datafield tag="260" ind1=" " ind2=" ">
    <subfield code="a">phnom penh</subfield>
    <subfield code="b">rua</subfield>
    <subfield code="c">2019</subfield>
  </datafield>
  <datafield tag="300" ind1=" " ind2=" ">
    <subfield code="a">viii,21p,</subfield>
    <subfield code="b">ill,</subfield>
    <subfield code="c">29cm,</subfield>
  </datafield>
  <datafield tag="856" ind1=" " ind2=" ">
    <subfield code="u">https://drive.google.com/file/d/1T0PwHq1OEqV-oTeLScdnqT7D59RNm-pB/view?usp=sharing</subfield>
  </datafield>
  <datafield tag="942" ind1=" " ind2=" ">
    <subfield code="c">AGR</subfield>
  </datafield>
  <datafield tag="999" ind1=" " ind2=" ">
    <subfield code="c">19512</subfield>
    <subfield code="d">19512</subfield>
  </datafield>
  <datafield tag="952" ind1=" " ind2=" ">
    <subfield code="0">0</subfield>
    <subfield code="1">0</subfield>
    <subfield code="2">ddc</subfield>
    <subfield code="4">0</subfield>
    <subfield code="6">AGR_YON_2019_000000000000000_B668_OR</subfield>
    <subfield code="7">0</subfield>
    <subfield code="9">85615</subfield>
    <subfield code="a">LBB</subfield>
    <subfield code="b">LBB</subfield>
    <subfield code="c">B668</subfield>
    <subfield code="d">2020-12-15</subfield>
    <subfield code="o">AGR YON 2019 B668 Or.</subfield>
    <subfield code="p">A064638</subfield>
    <subfield code="r">2020-12-15</subfield>
    <subfield code="w">2020-12-15</subfield>
    <subfield code="y">AGR</subfield>
  </datafield>
  <datafield tag="952" ind1=" " ind2=" ">
    <subfield code="0">0</subfield>
    <subfield code="1">0</subfield>
    <subfield code="2">ddc</subfield>
    <subfield code="4">0</subfield>
    <subfield code="6">AGR_YON_2019_000000000000000_B668_OR</subfield>
    <subfield code="7">0</subfield>
    <subfield code="9">85616</subfield>
    <subfield code="a">LBB</subfield>
    <subfield code="b">LBB</subfield>
    <subfield code="c">B668</subfield>
    <subfield code="d">2020-12-15</subfield>
    <subfield code="o">AGR YON 2019 B668 Or.</subfield>
    <subfield code="p">A064698</subfield>
    <subfield code="r">2020-12-15</subfield>
    <subfield code="w">2020-12-15</subfield>
    <subfield code="y">AGR</subfield>
  </datafield>
  <datafield tag="952" ind1=" " ind2=" ">
    <subfield code="0">0</subfield>
    <subfield code="1">0</subfield>
    <subfield code="2">ddc</subfield>
    <subfield code="4">0</subfield>
    <subfield code="6">AGR_YON_2019_000000000000000_B668_OR</subfield>
    <subfield code="7">0</subfield>
    <subfield code="9">85617</subfield>
    <subfield code="a">LBB</subfield>
    <subfield code="b">LBB</subfield>
    <subfield code="c">B668</subfield>
    <subfield code="d">2020-12-15</subfield>
    <subfield code="o">AGR YON 2019 B668 Or.</subfield>
    <subfield code="p">A064394</subfield>
    <subfield code="r">2020-12-15</subfield>
    <subfield code="w">2020-12-15</subfield>
    <subfield code="y">AGR</subfield>
  </datafield>
  <datafield tag="952" ind1=" " ind2=" ">
    <subfield code="0">0</subfield>
    <subfield code="1">0</subfield>
    <subfield code="2">ddc</subfield>
    <subfield code="4">0</subfield>
    <subfield code="6">AGR_YON_2019_000000000000000_B668_OR</subfield>
    <subfield code="7">0</subfield>
    <subfield code="9">85618</subfield>
    <subfield code="a">LBB</subfield>
    <subfield code="b">LBB</subfield>
    <subfield code="c">B668</subfield>
    <subfield code="d">2020-12-15</subfield>
    <subfield code="o">AGR YON 2019 B668 Or.</subfield>
    <subfield code="p">A064462</subfield>
    <subfield code="r">2020-12-15</subfield>
    <subfield code="w">2020-12-15</subfield>
    <subfield code="y">AGR</subfield>
  </datafield>
  <datafield tag="952" ind1=" " ind2=" ">
    <subfield code="0">0</subfield>
    <subfield code="1">0</subfield>
    <subfield code="2">ddc</subfield>
    <subfield code="4">0</subfield>
    <subfield code="6">AGR_YON_2019_000000000000000_B668_OR</subfield>
    <subfield code="7">0</subfield>
    <subfield code="9">85619</subfield>
    <subfield code="a">LBB</subfield>
    <subfield code="b">LBB</subfield>
    <subfield code="c">B668</subfield>
    <subfield code="d">2020-12-15</subfield>
    <subfield code="o">AGR YON 2019 B668 Or.</subfield>
    <subfield code="p">A064402</subfield>
    <subfield code="r">2020-12-15</subfield>
    <subfield code="w">2020-12-15</subfield>
    <subfield code="y">AGR</subfield>
  </datafield>
  <datafield tag="952" ind1=" " ind2=" ">
    <subfield code="0">0</subfield>
    <subfield code="1">0</subfield>
    <subfield code="2">ddc</subfield>
    <subfield code="4">0</subfield>
    <subfield code="6">AGR_YON_2019_000000000000000_B668_OR</subfield>
    <subfield code="7">0</subfield>
    <subfield code="9">85620</subfield>
    <subfield code="a">LBB</subfield>
    <subfield code="b">LBB</subfield>
    <subfield code="c">B668</subfield>
    <subfield code="d">2020-12-15</subfield>
    <subfield code="l">1</subfield>
    <subfield code="o">AGR YON 2019 B668 Or.</subfield>
    <subfield code="p">A064522</subfield>
    <subfield code="r">2022-05-12</subfield>
    <subfield code="s">2022-03-25</subfield>
    <subfield code="w">2020-12-15</subfield>
    <subfield code="y">AGR</subfield>
  </datafield>
</record>
